Normal view
MARC view
- التنمية الاقتصادية-الاردن
Entry Topical Term
001 - CONTROL NUMBER
- control field: 39344
003 - CONTROL NUMBER IDENTIFIER
- control field: JO-AjAnu
005 - DATE AND TIME OF LATEST TRANSACTION
- control field: 20230606080538.0
008 - FIXED-LENGTH DATA ELEMENTS
- fixed length control field: 230606|| aca||aabn | a|a d
040 ## - CATALOGING SOURCE
- Original cataloging agency: JO-AjAnu
- Transcribing agency: JO-AjAnu
150 ## - HEADING--TOPICAL TERM
- Topical term or geographic name entry element: التنمية الاقتصادية-الاردن
670 ## - SOURCE DATA FOUND
- Source citation: Work cat.: (JO-AjAnu)20176: العواملة، نائل عبدالحافظ, author 39343, ادارة التنمية الاسس النظرية وتطبيقاتها في الاردن